A child´s good naght book / (Registro nro. 12070)

Detalles MARC
000 -LIDER
fixed length control field 00455nam a2200169 4500
003 - IDENTIFICACDOR DE NÚMERO DE CONTROL
control field DO-SdBNP
005 - DATE AND TIME OF LATEST TRANSACTION
control field 20180212090229.0
008 - ELEMENTOS DE LONGITUD FIJA
fixed length control field 161123b1992 xxu||||| |||| 00| 0 spa d
020 ## - ISBN
International Standard Book Number 0060210281
040 ## - FUENTE DE CATALOGACIÓN
Agencia que crea de manera original el registro BPMSU
Idioma de catalogación spa
Agencia que realiza la transcripción BPMSU
100 ## - ASIENTO PRINCIPAL -- NOMBRE PERSONAL
Nombre personal Wise Brown, Margaret
245 ## - MENCIÓN DE TITULO
Título A child´s good naght book /
Mención de responsabilidad Wise Brown, Margaret
300 ## - DESCRIPCIÓN FÍSICA
Extensión 16 p.
Otros detalles físicos New York ,
Dimensiones 1992
942 ## - ADDED ENTRY ELEMENTS (KOHA)
Source of classification or shelving scheme Dewey Decimal Classification
Koha item type Libros
945 ## - INFORMACIÓN DE PROCESAMIENTO LOCAL
Información de procesamiento local inventariado,2018 / dg
956 ## - LOCAL ELECTRONIC LOCATION AND ACCESS (OCLC)
Nombre de host dgarcia
Existencias
Withdrawn status Lost status Source of classification or shelving scheme Damaged status Not for loan Collection code Home library Current library Date acquired Source of acquisition Total Checkouts Barcode Date last seen Price effective from Koha item type
    Dewey Decimal Classification     Colección Infantil General Biblioteca Pública Metropolitana Salomé Ureña Biblioteca Pública Metropolitana Salomé Ureña 11/23/2016 Donado   BPMSU6111519 11/23/2016 11/23/2016 Libros